000 00302nam a22001337a 4500
008 180903b xxu||||| |||| 00| 0 eng d
020 _a9780673398598
041 _aeng
080 _24th
_a371
100 _a25
101 _aEDU
245 _aThe Little, Brown Handbook
_cFowler, H.R
942 _2udc
_cBK
999 _c47486
_d47486